[Event "Candidates Tournament"]
[Site "Berlin"]
[Date "2018.03.19"]
[Round "8"]
[White "So, Wesley"]
[Black "Caruana, Fabiano"]
[Result "1/2-1/2"]
[WhiteElo "2799"]
[BlackElo "2784"]
[Annotator "Szabo,Kr"]
[PlyCount "129"]
[EventDate "2018.03.10"]
[EventType "tourn"]
[EventRounds "14"]
[EventCountry "GER"]
[EventCategory "22"]
[SourceTitle "CBM 184"]
[Source "ChessBase"]
[SourceDate "2018.05.16"]
[SourceVersion "1"]
[SourceVersionDate "2018.05.16"]
[SourceQuality "1"]

1. e4 e5 2. Nf3 Nf6 3. Nxe5 d6 4. Nf3 Nxe4 5. Qe2 Qe7 {Recently Caruana had a
few games in this Petroff line.} 6. d3 ({In round 4 Kramnik played} 6. Nc3 {
against Caruana,} Nxc3 7. dxc3 Qxe2+ 8. Bxe2 Nc6 9. Be3 Be7 10. O-O-O O-O 11.
Rhe1 Bf6 12. Nd2 Re8 13. Bf3 Ne5 14. Bf4 Kf8 15. Bd5 c6 16. Bb3 Bf5 17. h3 g5
18. Bh2 Kg7 $11 {Kramnik-Caruana, Berlin 2018, with a balanced position, which
later Black managed to win.}) 6... Nf6 7. Nc3 Qxe2+ 8. Bxe2 g6 9. Bg5 ({
In January Carlsen continued with} 9. Nd4 a6 10. Bf4 Bg7 11. h3 Bd7 12. Bf3 Nc6
13. Nxc6 Bxc6 14. Bxc6+ bxc6 15. O-O-O Kd7 16. Rhe1 Rhe8 17. Ne4 Nd5 18. Bd2 f5
19. Ng5 h6 20. Nf3 g5 $11 {Carlsen-Caruana, Wijk aan Zee 2018, with an equal
position.}) 9... Bg7 10. O-O-O (10. Bxf6 $6 {is dubious, because of} Bxf6 11.
Nd5 Bd8 $15 {followed by ...c6 and Black is fine with his bishop pair.}) 10...
O-O $146 {The first new move in the game.} (10... h6 11. Bd2 Bd7 12. Rde1 O-O
13. Bd1 a6 14. Ne4 Nxe4 15. Rxe4 Nc6 16. h3 Rae8 17. Rhe1 Rxe4 18. Rxe4 Re8 $11
{C.Foisor-M.Foisor, Warsaw 2011}) 11. Rhe1 h6 12. Bh4 Nc6 13. d4 a6 14. a3 ({
The tempting} 14. d5 $6 {could have been met by} Ne7 {preparing for ...Nf5.}
15. Bxa6 Nexd5 $1 16. Nxd5 Nxd5 17. Bc4 Nf4 $15 {and Black looks nicely placed.
}) 14... Bd7 15. d5 Na7 16. Nd4 Nc8 {Black immediately activates his knight.
He would like to put it on b6.} 17. Nb3 g5 18. Bg3 Re8 19. Na5 b5 (19... b6 20.
Nc6 {is similar, but ...b5 looks more useful, because the black knight can go
to b6.}) 20. f3 (20. Bf3 $2 {is bad, because of} Nb6 $17 {followed by ...h5
and White is in trouble.}) ({Probably the knight manoeuvre with} 20. Na2 $5 {
was more accurate,} Nb6 (20... Ne4 21. Bd3) 21. Nb4 Ne4 22. c3 {and White
holds the dark squares on the queenside.}) 20... Nh5 21. Bf2 Nf4 22. Bf1 Nb6 {
Suddenly Black becomes active and the d5-pawn is weak.} 23. Rxe8+ Rxe8 24. Bxb6
{Otherwise ...Bxc3 and ...Nbxd5.} cxb6 25. Nb7 Be5 26. Ne4 Rb8 (26... g4 $1 $15
{was stronger, to create a weakness on f3.}) 27. Nexd6 ({Of course} 27. Nbxd6
$2 {loses immediately, because of} f5 $19 {.}) 27... Ng6 $1 {It is very
important to come back with the knight.} ({In the event of} 27... Kf8 28. g3
Ng6 29. Bd3 Ke7 30. Re1 $16 {and suddenly Black is in big trouble.}) 28. g3 Ne7
29. a4 Nf5 (29... bxa4 30. Bxa6 {only helps White.}) 30. Nxf5 Bxf5 {The
b7-knight seems trapped, but White finds great counterplay.} 31. Re1 f6 32.
Rxe5 $1 {An exchange sacrifice, but the knight can come back on d6 and he gets
pawns for it.} fxe5 33. Nd6 Bd7 34. axb5 axb5 35. Bxb5 Bxb5 36. Nxb5 Rf8 {
Black wins back a pawn, but White is active, so he has some compensation.} 37.
Kd2 Rxf3 38. Ke2 g4 39. Nd6 ({The impatient} 39. d6 $2 {could have been met by}
Kf7 $19 {and White will lose the d6-pawn.}) 39... h5 40. Nc4 b5 41. Nxe5 Rf5
42. Ng6 Kf7 43. Nf4 h4 44. Ng2 ({The careless} 44. Kd3 $4 {is a blunder, as}
Rxf4 $1 45. gxf4 g3 46. hxg3 h3 $19 {and he can't stop the h-pawn.}) ({If} 44.
Ke3 Re5+ {and the king has to go back.}) 44... hxg3 45. hxg3 Rf3 $1 {The best
practical chance.} ({In the event of} 45... Rxd5 46. Ne3 Rd4 (46... Rg5 47. Kd3
$11) 47. c3 Ra4 48. Kd3 $11 {and easy draw for White.}) 46. Ne3 Rxg3 47. c4 (
47. Kf2 $4 {is a big mistake, because} Rf3+ 48. Ke2 Rf4 $19 {and Black could
cut the white king off from the g-pawn.}) 47... bxc4 48. d6 $1 {The most
precise solution.} Ke6 49. Nxc4 Rf3 50. d7 $1 Rf8 51. Ne3 g3 52. d8=Q Rxd8 53.
Kf3 Rd3 {Still the engine gives -+, but the position is drawish already.} (
53... Rg8 54. b4 $11) 54. Kf4 Rb3 55. Ng2 Kd5 56. Nh4 Kc4 57. Kg4 Rd3 58. b4 (
58. Kh3 {is also fine,} Kd4 59. Nf5+ Ke5 60. Nh4 $11 {and draw.} ({But not} 60.
Nxg3 $4 Kf4 $19)) 58... Rb3 (58... Kxb4 59. Kh3 Kc4 60. Nf5 $11) 59. b5 Kd5 60.
b6 Ke4 61. b7 Rxb7 62. Kxg3 Rg7+ 63. Kf2 Rg4 64. Ng2 Rxg2+ 65. Kxg2 {A nice
fighting game!} 1/2-1/2

[Event "Candidates Tournament"]
[Site "Berlin"]
[Date "2018.03.15"]
[Round "5"]
[White "So, Wesley"]
[Black "Kramnik, Vladimir"]
[Result "1/2-1/2"]
[WhiteElo "2799"]
[BlackElo "2800"]
[Annotator "Fernandez,D"]
[PlyCount "114"]
[EventDate "2018.03.10"]
[EventType "tourn"]
[EventRounds "14"]
[EventCountry "GER"]
[EventCategory "22"]
[SourceTitle "CBM 184"]
[Source "ChessBase"]
[SourceDate "2018.05.16"]
[SourceVersion "1"]
[SourceVersionDate "2018.05.16"]
[SourceQuality "1"]

1. c4 e6 2. Nf3 d5 3. d4 Nf6 4. Nc3 c5 5. cxd5 Nxd5 6. e4 Nxc3 7. bxc3 cxd4 8.
cxd4 Bb4+ {The pseudo-Grunfeld lines are always a little bit difficult for
both sides to play, but when played correctly they are level.} 9. Bd2 Bxd2+ 10.
Qxd2 O-O 11. Bc4 (11. Rc1 $5 {is a nice subtlety, the point being that Bd3 is
good against ...Nd7 but less so against ...Nc6. Here, Black has to commit
first.} b6 12. Bd3 $32) 11... Nd7 12. O-O b6 13. Rad1 Bb7 14. Rfe1 Rc8 15. Bb3
{We have arrived at a tabiya.} Re8 {Not a novelty, but a sign of preparation
nevertheless.} (15... Qf6 {is the most common move - the idea is just to play
down the long diagonal with ...Qg6, intending maybe ...f5 under certain
circumstances, and ...Nf6 under others.} 16. d5 $5 {To my mind this is the
only move worth being afraid of.} (16. Qe3 Rfd8 $11 {Wang,Y-Li,C China 201,
isn't too troublesome,}) 16... Nc5 17. Nd4 Rfd8 (17... e5 18. Nf5 $1 Nxe4 19.
Nh6+ $1 Qxh6 20. Qxh6 gxh6 21. Rxe4 Rfd8 22. f4 $1 $16 {Ruck,R-Korpa,B
Zalakaros 2015}) 18. f4 $5 exd5 19. e5 Qe7 20. Nf5 $44) (15... h6 $5 {is one
other move which makes total sense - against White's Qf4 Black will be able to
play ...Qf6 with tempo.}) 16. h3 Nf6 17. Qf4 Nh5 18. Qe5 Nf6 19. Qf4 Nh5 20.
Qh2 h6 21. d5 (21. Ne5 $5 {could actually be a better try for an edge.
Depending on circumstances, White intends either Nc4-d6 or f4-f5.} Qd6 (21...
Nf6 22. Qf4 Qc7 23. h4 $36) 22. Ng4 (22. f4 Rc3 {drums up too much counterplay}
) 22... Qxh2+ 23. Kxh2 Kf8 $11 {White still has his space, and I think the odd
dance of the knights at the edge of the board can only be to his benefit.})
21... exd5 22. exd5 (22. e5 $5 {was a remarkable idea suggested on chess24.
Black has to be quite careful his knight doesn't end up trapped.} g6 23. Nd4
Qd7 $1 {Black needs to blockade on e6.} (23... a6 {is too slow:} 24. Re3 {
followed by e6 gives White really good compensation.}) 24. g4 Ng7 25. Qf4 Kh7
26. Qf6 Rc7 $1 $15 {Next Black comes to e6. It can't be stopped.}) 22... Rxe1+
23. Nxe1 Qf6 24. Nd3 Ba6 {Right here the feeling was that Black was doing well,
but a bit of sober computer-aided analysis indicates otherwise.} 25. Qe5 $1
Bxd3 26. Qxh5 (26. Qxf6 Nxf6 27. Rxd3 Kf8 $1 $15 {is a nasty squeeze.}) 26...
Bc2 (26... Qf5 27. Qg4 Qxg4 28. hxg4 Bc4 $11 {is safer.}) 27. Rc1 (27. Qg4 $5 {
requires some accurate play to defuse:} Qf5 (27... Bf5 28. Qf4 $14) 28. Rc1 $5
Qxg4 29. hxg4 Bf5 $1 30. Re1 $1 Bxg4 31. Re7 Kf8 $1 32. Rxa7 Bd1 $3 $11) 27...
Bf5 28. Rxc8+ (28. Rc6 $5 {might just give White a tiny something:} Qa1+ (28...
Rxc6 29. dxc6 g6 30. Qf3 $14) 29. Kh2 Qe5+ 30. g3 Rd8 $1 31. d6 $5 $36 {
and Black will have to play some very precise chess to neutralise all the
tricks.}) 28... Bxc8 29. d6 g5 {At this point, I realised that it was Kramnik
pressing for the win, based on the purist's definition of a better bishop!} 30.
Qd1 Bd7 31. Qd5 Kg7 32. Qb7 Qa1+ 33. Kh2 Qe5+ 34. Kg1 Qxd6 35. Qxa7 h5 36. Qb7
h4 37. Qf3 Qe7 38. Qc3+ f6 {Black has completed his mission and can install
his queen on e5 in various ways to pretend that he's pressing.} 39. Qc4 Qe8 40.
Qb4 b5 41. a3 Qe5 42. Bd1 Bc6 43. Bf3 Be8 44. Kf1 Bf7 45. Be2 Be8 46. Bf3 f5 {
This was the only real try in the position - Black is going to try and arrange
...g4 by fair means or otherwise.} 47. Kg1 Bf7 48. Qd2 Kg6 49. Qc1 Be6 50. Qc6
Kf6 51. Qe8 (51. Qb6) 51... Qa1+ 52. Kh2 Qxa3 53. Qd8+ $1 (53. Qxb5 g4 $1 {
was the point of all the maneouvring. Now Black is at least posing some
questions to his opponent, e.g.} 54. hxg4 fxg4 55. Be2 g3+ 56. Kg1 Qa1+ 57. Bf1
Qd4 $15 {although it will be impossible to ever win against reasonable play.})
53... Qe7 54. Qh8+ Qg7 55. Qd8+ Kg6 56. Qe8+ Qf7 57. Qxb5 Qc7+ {Here Kramnik
offered a draw, having stretched the limits of human endurance in terms of how
long he tried to conjure something out of thin air. Alternatively, maybe the
patch of paint behind Wesley's head had finally finished drying.} 1/2-1/2

[Event "Candidates Tournament"]
[Site "Berlin"]
[Date "2018.03.16"]
[Round "6"]
[White "So, Wesley"]
[Black "Aronian, Levon"]
[Result "1-0"]
[WhiteElo "2799"]
[BlackElo "2794"]
[Annotator "Postny,E"]
[PlyCount "155"]
[EventDate "2018.03.10"]
[EventType "tourn"]
[EventRounds "14"]
[EventCountry "GER"]
[EventCategory "22"]
[SourceTitle "CBM 184"]
[Source "ChessBase"]
[SourceDate "2018.05.16"]
[SourceVersion "1"]
[SourceVersionDate "2018.05.16"]
[SourceQuality "1"]

1. e4 e5 2. Nf3 Nc6 3. Bb5 a6 4. Ba4 Nf6 5. O-O Be7 6. Re1 b5 7. Bb3 O-O 8. a4
{Avoiding the Marshall Attack.} b4 (8... Bb7 {is the main alternative, but
Levon always prefers to seize some space on the queenside.}) 9. a5 {Preventing
Nc6-a5 and also fixing the Pa6 as potential target. On the other hand the Pa5
might also become vulnerable.} (9. d4 d6 10. dxe5 dxe5 {leads to another
important tabia, where Levon also has a lot of experience. A few months ago
this line appeared in an interesting game between the same players:} 11. Nbd2
Bc5 12. a5 Be6 13. Bxe6 fxe6 14. Qe2 Ng4 15. Rf1 Bxf2+ $2 {Perhaps this was a
small bluff from Levon or maybe he just mixed up something.} (15... Nd4 16. Qc4
Qd6 {should be played}) 16. Rxf2 Nd4 17. Qc4 $2 (17. Qd3 $1 Nxf2 18. Kxf2 {
looks like a refutation of Black's idea. The queen should take part in the
defence.}) 17... Nxf2 18. Kxf2 Qh4+ 19. Kg1 Qg4 20. h3 Qg3 21. Qd3 Rxf3 22.
Nxf3 Rf8 23. Nxd4 Qe1+ 24. Kh2 Rf1 25. Qxf1 Qxf1 26. Nf3 $13 {1/2-1/2 (38) So,
W (2788)-Aronian,L (2805) London 2017}) 9... d6 10. d3 Be6 11. Bxe6 fxe6 {
Black has got rid of White's annoying bishop and the doubled pawns on the
e-file are not necessarily bad. The Pe6 covers the important squares d5 and f5.
} 12. Nbd2 Rb8 13. Nb3 (13. c3 Qe8 14. Nc4 Qg6 15. h3 Nd7 (15... Rb5 {looks
okay for Black. Later he can consider the aggressive manoeuvre Nf6-Nh5-Nf4})
16. Be3 d5 17. Ncd2 bxc3 18. bxc3 Nc5 19. Bxc5 Bxc5 20. Qa4 $14 {1-0 (52)
Carlsen,M (2822)-Aronian,L (2809) Saint Louis 2017}) 13... Qc8 $1 14. h3 $146 (
14. Qe2 Nd8 15. d4 exd4 16. Nbxd4 c5 17. Nb3 e5 18. Nbd2 Ne6 19. Nc4 Nd4 20.
Nxd4 cxd4 21. Nb6 Qc6 22. Bg5 Bd8 23. Bxf6 Bxb6 24. axb6 Rxf6 25. Rxa6 h6 26.
Qd3 Rxb6 $11 {1/2-1/2 (43) Caruana,F (2807)-Carlsen,M (2822) Saint Louis 2017})
14... Nd8 {Black wants to play c7-c5 and then return the knight back to c6,
getting more control in the centre.} (14... Na7 15. d4 exd4 16. e5 dxe5 17.
Nxe5 c5 18. Nc4 $44) 15. Be3 (15. d4 exd4 16. Qxd4 (16. e5 $6 {Here it doesn't
work. Compared to the line 14...Na7, the knight on d8 is more useful
protecting the Pe6.} dxe5 17. Nxe5 c5 18. Nc4 Nd5 {here White's compensation
is not sufficient.}) 16... c5 17. Qc4 d5 18. exd5 exd5 19. Qe2 Bd6 $11) 15...
c5 16. Nbd2 Nc6 17. c3 Rb5 {[%csl Ra5]} 18. d4 $1 {The Pa5 is attacked but
Wesley doesn't bother to defend it.} ({After} 18. Nc4 h6 {it's not clear what
White can do next. The d3-d4 push is not good anymore as the Pe4 and in some
lines the Nc4 will be hanging.}) 18... exd4 (18... cxd4 19. cxd4 Nxa5 20. Qe2
Qb7 21. Qd3 $14) (18... bxc3 19. bxc3 exd4 20. cxd4 c4 $1 21. Nxc4 Nxe4 22. Nb6
Qe8 23. d5 Nc3 24. Qd3 Nxd5 25. Nxd5 Rxd5 26. Qxa6 Bf6 {is okay for Black
according to an engine. Although a human player would be seriously concerned
about the a-passer.}) 19. cxd4 Nxa5 20. dxc5 (20. e5 dxe5 21. dxc5 Nd5 22. Ne4
Nxe3 23. Rxe3 Nb7 24. Nxe5 Nxc5 25. Rc1 Qd8 26. Qxd8 Rxd8 27. Nc6 Nxe4 28. Nxd8
Bg5 29. Nxe6 Bxe3 30. fxe3 a5 $11) 20... dxc5 21. Ra2 $1 {A useful and
somewhat mysterious rook move.} (21. Rc1 Rd8 22. Qa4 Qb7 {was another option,
but I like the move in the game.}) 21... Qb7 (21... Nd7 22. Qe2 Nb8 $1 {
This would be a good plan. Later Black will bring the knight from a5 to c6
back into play, then maybe rook back to b7. The knight from b8 protects the
Pa6. The position should be balanced, though it's easier to be on the White
side here.}) 22. b3 $1 {Simply playing for positional compensation. Black is
up a pawn, but he has numerous pawn weaknesses and his pieces on the queenside
are awkwardly placed. From a practical point of view it's much easier to
handle this position as White.} Kh8 {It appeares that this move is not
necessarily useful.} (22... Nxe4 23. Nxe4 Qxe4 24. Bg5 Qb7 25. Rd2 {[%cal
Gd2d7] White's forces are so harmonious, also thanks to 21.Ra2!} Qa7 $8 26.
Rde2 $1 $36) ({Again, the manoeuvre} 22... Nd7 {[%cal Ge7f6] was preferable.})
23. Qc2 Nd7 24. Rea1 Bd8 25. Nc4 Nxc4 26. Qxc4 Bf6 27. Rd1 Qc6 28. Rad2 {
The white rooks quickly switch to the d-file.} Nb6 29. Qc2 Qc7 $6 (29... Qc8
30. Rc1 Be7 31. h4 $14) 30. e5 $1 Be7 (30... Bxe5 $2 31. Ng5 $18 {[%csl Re6,
Rh7]}) 31. Nd4 {[%cal Gd4b5,Gd4e6]} Rc8 (31... Qxe5 32. Nxb5 axb5 33. Re2 Qc3
34. Rc1 Nd5 35. Qd2 Qf6 36. Bxc5 Nc3 37. Bxe7 Nxe2+ 38. Qxe2 Qxe7 39. Qxb5 $16)
32. Nxe6 {Of course. Who needs that silly rook on b5?!} ({After} 32. Nxb5 $6
axb5 {[%cal Gb6d5] Black would be okay. His pawn mass on the queenside has
potential.}) 32... Qxe5 33. Nf4 (33. Rd6 $3 {Stunning move.} c4 (33... Bxd6 $2
34. Ng5 $18 {[%cal Gc2h7,Gg5f7]}) 34. Bd4 Qxd6 35. Bxg7+ Kg8 36. Rxd6 Bxd6 37.
Qd1 $1 Rd5 38. Bd4 Kf7 39. Ng5+ $1 Rxg5 40. Bxb6 Ke7 41. Qf3 {[%cal Gf3b7] and
Black can't keep his passed pawn and coordinate his rooks.}) 33... Rf8 $2 {
This logical move is a fatal mistake.} (33... c4 $2 34. bxc4 Qf5 35. cxb5 $1
Rxc2 36. Rd8+ Bf8 37. Ne6 Rc8 38. Rxc8 Nxc8 39. Rd8 b3 40. Bd4 Kg8 41. Rxf8+
Qxf8 42. Nxf8 Kxf8 43. bxa6 $18 {[%cal Gg1f1,Gf1e2,Ge2d3]}) ({The variation
after 33...c4 underlines the drawback in Black's position - the weakness of
the back rank. Therefore, he should move his king away from h8.} 33... Kg8 $1
34. Re2 Bf8) 34. Re2 $1 Qc3 (34... Bf6 35. g3 $1 {[%cal Ge3d4]} Qc3 36. Qa2 $1
$18) 35. Qb1 (35. Qa2 $1 {was more precise, avoiding the exchange of queens
and attacking Pa6.}) 35... Qf6 36. Bc1 c4 (36... Qf7 37. Bb2 Bf6 38. Bxf6 Qxf6
39. Ne6 Rg8 40. Rd8 $1 c4 (40... Rxd8 41. Nxd8 Qxd8 42. Qe1 $18 {[%cal Ge2e8]})
{[%tqu "En","Find the best move for White.","","","e6f8","",10]} 41. Nf8 $1
Rxf8 42. Rxf8+ Qxf8 43. Qe1 {Black's pieces on the queenside are ridiculously
placed and can't help to prevent 44.Re8.} Nd7 44. Re8 Rb8 45. Rxf8+ Nxf8 46.
Qe5 Rc8 47. bxc4 b3 48. Qg3 b2 49. Qb3 Rxc4 50. Qxb2 {and White will win
eventually.}) 37. bxc4 Nxc4 38. Re6 {Black can not avoid heavy material losses.
} Qg5 (38... Qf7 39. Rd7 $18) 39. Ng6+ Qxg6 40. Rxg6 hxg6 41. Qe4 Bf6 42. Qxc4
b3 {This passed pawn is Black's last hope but White's material advantage is
just too big.} 43. Ba3 Rfb8 44. Rb1 b2 45. h4 $1 {The most accurate, fixing
the Pg6.} Ra5 46. Qd3 Rd8 47. Qb3 Rc8 48. Qb7 Rd8 49. Qb3 {Some of these queen
moves were not necessary, but the evaluation does not change - White is
winning.} Rc8 50. Qb4 Rb5 51. Qg4 Rc3 52. Bxb2 Rxb2 53. Rxb2 Rc1+ 54. Kh2 Bxb2
55. Qxg6 Ra1 56. g4 a5 57. Qh5+ Kg8 58. Qb5 Ba3 59. Qe5 Rd1 60. Qe6+ Kh7 61.
Qe4+ Kh8 62. Qa8+ Kh7 63. Qxa5 {Black's last hope has gone. Levon continued
for fifteen more pointless moves. I can easily understand his disappointment
with his overall result, but this particular game was a good achievement for
Wesley.} Bd6+ 64. Kg2 Rd4 65. Qf5+ Kh8 66. Qh5+ Kg8 67. g5 Kf8 68. Qg6 Be7 69.
Qf5+ Ke8 70. Kh3 Rd6 71. Qh7 Kf7 72. f4 Rd4 73. Qf5+ Ke8 74. Qe5 Rb4 75. Kg4
Kf8 76. Qf5+ Ke8 77. Qe6 Rd4 78. Qe5 1-0